Statistics for Miley Cyrus - Flowers (Lyrics)

Click here to take the quiz!

General Stats

  • This quiz has been taken 602 times
  • The average score is 268 of 319

Answer Stats

Answer% Correct
I
100%
can
99%
Can
99%
flowers
98%
my
98%
myself
97%
you,
97%
you
97%
buy
96%
the
96%
to
94%
then
93%
a
92%
in
92%
be
91%
for
91%
hours
91%
hours,
91%
Talk
91%
sand
90%
don't
89%
don't
89%
name
89%
dancing,
88%
dancing
88%
love
88%
me
88%
and
87%
And
87%
better
87%
better,
87%
understand
87%
Write
87%
hand
86%
hold
86%
take
86%
than
85%
own
84%
things
82%
we
80%
We
80%
Say
78%
were
77%
but
74%
cry,
73%
Yeah,
72%
yeah
72%
remembered
70%
good,
68%
leave
67%
Started
67%
wanna
67%
that
64%
didn't
63%
it
61%
baby,
60%
baby
60%
can't
60%
burn
58%
'til
56%
weren't
55%
home
55%
right
55%
fight
54%
Built
53%
watched
52%
gold
51%
No
51%
no
51%
dream
50%
sold
48%
cherry
47%
Kinda
46%
nails
45%
Paint
44%
red
44%
lie
43%
regret
40%
roses
40%
every
37%
said
37%
word
36%
left
35%
remorse,
34%
Match
30%
forgive
29%

Score Distribution

Percentile by Number Answered

Percent of People with Each Score

Your Score History

You have not taken this quiz